000 00945cam a22003135a 4500
001 17052654
003 OSt
005 20170307104849.0
008 111121s2012 ohu 001 0 eng
010 _a 2011943938
020 _a9781133627289 (pbk.)
020 _a1133627285 (pbk.)
040 _aDLC
_cDLC
042 _apcc
100 1 _aOwen, Glenn,
_d1953-
245 1 0 _aUsing Peachtree Complete 2012 for accounting /
_cGlenn Owen.
250 _a6th ed.
260 _aMason, Ohio :
_bSouth-Western ;
_aAndover :
_bCengage Learning [distributor],
_c2012.
263 _a201202
300 _a1 v. ;
_c25 cm. +
_e1 computer optical disc.
500 _aDVD-ROM.
500 _aIncludes index.
630 0 0 _aPeachtree complete accounting.
650 0 _aAccounting
_xComputer programs.
906 _a0
_bibc
_corigres
_d2
_encip
_f20
_gy-gencatlg
942 _2lcc
_cBK
999 _c256078
_d256077